<?xml version="1.0" encoding="UTF-8"?>
<record
    xmlns:xsi="http://www.w3.org/2001/XMLSchema-instance"
    xsi:schemaLocation="http://www.loc.gov/MARC21/slim http://www.loc.gov/standards/marcxml/schema/MARC21slim.xsd"
    xmlns="http://www.loc.gov/MARC21/slim">

  <leader>00894na  a2200301   4500</leader>
  <controlfield tag="001">16441</controlfield>
  <controlfield tag="003">MIRAKIL</controlfield>
  <controlfield tag="005">20181213154847.0</controlfield>
  <controlfield tag="008">161008b        tu            000 0      </controlfield>
  <datafield tag="020" ind1=" " ind2=" ">
    <subfield code="a">9753625804</subfield>
  </datafield>
  <datafield tag="035" ind1=" " ind2=" ">
    <subfield code="a">16441</subfield>
  </datafield>
  <datafield tag="040" ind1=" " ind2=" ">
    <subfield code="a">Milas</subfield>
    <subfield code="b">tur</subfield>
    <subfield code="c">TR-AnCHP</subfield>
  </datafield>
  <datafield tag="041" ind1=" " ind2=" ">
    <subfield code="a">tur</subfield>
  </datafield>
  <datafield tag="082" ind1=" " ind2=" ">
    <subfield code="a">320.9561</subfield>
    <subfield code="b">I44s 2001</subfield>
  </datafield>
  <datafield tag="090" ind1=" " ind2=" ">
    <subfield code="a">320.9561 I44s 2001</subfield>
  </datafield>
  <datafield tag="100" ind1=" " ind2=" ">
    <subfield code="a">Il&#x131;cak, Nazl&#x131;</subfield>
    <subfield code="d">1944 - </subfield>
  </datafield>
  <datafield tag="245" ind1=" " ind2=" ">
    <subfield code="a">Sert ad&#x131;mlarla her yer inlesin</subfield>
    <subfield code="b">28 &#x15F;ubat'&#x131;n perde arkas&#x131;</subfield>
    <subfield code="c">Nazl&#x131; Il&#x131;cak; edit&#xF6;r &#x130;smail Demirci</subfield>
  </datafield>
  <datafield tag="260" ind1=" " ind2=" ">
    <subfield code="a">&#x130;stanbul</subfield>
    <subfield code="b">Tima&#x15F; Yay&#x131;nlar&#x131;</subfield>
    <subfield code="c">2001</subfield>
  </datafield>
  <datafield tag="300" ind1=" " ind2=" ">
    <subfield code="a">320 s.</subfield>
    <subfield code="b">fotg.; tbl.</subfield>
    <subfield code="c">21 sm.</subfield>
  </datafield>
  <datafield tag="440" ind1=" " ind2=" ">
    <subfield code="a">Tima&#x15F; Yay&#x131;nlar&#x131;</subfield>
    <subfield code="v">658</subfield>
  </datafield>
  <datafield tag="490" ind1=" " ind2=" ">
    <subfield code="a">T&#xFC;rkiye Ger&#xE7;e&#x11F;i Dizisi</subfield>
    <subfield code="v">34</subfield>
  </datafield>
  <datafield tag="500" ind1=" " ind2=" ">
    <subfield code="a">Dizin var.</subfield>
  </datafield>
  <datafield tag="650" ind1=" " ind2=" ">
    <subfield code="a">28 &#x15E;ubat 1997</subfield>
    <subfield code="x">And&#x131;&#xE7;lar</subfield>
  </datafield>
  <datafield tag="651" ind1=" " ind2=" ">
    <subfield code="a">T&#xFC;rkiye</subfield>
    <subfield code="x">Siyaset</subfield>
    <subfield code="y">1997</subfield>
  </datafield>
  <datafield tag="651" ind1=" " ind2=" ">
    <subfield code="a">T&#xFC;rkiye</subfield>
    <subfield code="x">Demokrasi</subfield>
  </datafield>
  <datafield tag="700" ind1=" " ind2=" ">
    <subfield code="a">Demirci, Ismail</subfield>
  </datafield>
  <datafield tag="942" ind1=" " ind2=" ">
    <subfield code="2">dcc</subfield>
    <subfield code="c">BKS</subfield>
  </datafield>
  <datafield tag="952" ind1=" " ind2=" ">
    <subfield code="a">0001</subfield>
    <subfield code="b">0001</subfield>
    <subfield code="d">2016-10-06</subfield>
    <subfield code="e">2</subfield>
    <subfield code="l">0</subfield>
    <subfield code="o">320.9561 I44s 2001</subfield>
    <subfield code="p">004712</subfield>
    <subfield code="r">2016-10-06 00:00:00</subfield>
    <subfield code="v">0.00</subfield>
    <subfield code="w">2016-10-06</subfield>
    <subfield code="y">BKS</subfield>
  </datafield>
  <datafield tag="999" ind1=" " ind2=" ">
    <subfield code="c">2150</subfield>
    <subfield code="d">2150</subfield>
  </datafield>
</record>
